| 000 | 00979nam0a22002531 4500 | ||
|---|---|---|---|
| 001 | rc\2810031 | ||
| 005 | 20250529181731.0 | ||
| 035 | _a(NLR Aleph) 006935897 | ||
| 090 |
_a7595793 _c7595793 |
||
| 100 | _a20110915d1936 |||y0rusy50 ca | ||
| 101 | 0 | _arus | |
| 102 | _aRU | ||
| 105 | _aa z ||||| | ||
| 200 | 1 |
_aИспытание распределительных трансформаторов (мощностью до 560 ква) _fЕ. П. Карасев, Е. А. Каганович |
|
| 210 |
_aМосква _aЛенинград _cОнти. Глав. ред. энергетич. лит-ры _d1936 _eМосква _g1 журн. тип. Онти |
||
| 215 |
_aОбл., 114 с. _cил. _d22х15 см. |
||
| 700 | 1 |
_aКарасев _bЕ.П. _gЕвгений Петрович |
|
| 701 | 1 |
_aКаганович _bЕ.А. _gЕвсей Аронович |
|
| 801 | 0 |
_aRU _bNLR _gpsbo |
|
| 801 | 1 |
_aRU _bELAR _2rusmarc |
|
| 852 |
_aNLR _j36-3/910 |
||
| 942 | _cBOOK | ||
| 980 | _aNB | ||